Statistiche per Quali paesi possedevano queste colonie? (1939)

Clicka qui per fare il quiz!

Statistiche generali

  • Questo quiz è stato fatto 2 volte
  • Il punteggio medio è 46 su 315

Statistiche sulle risposte

DomandaCasellaSelect% Corretto
Quale paese possedeva la regione della Guinea?BelgioNo
100%
Quale paese possedeva la regione della Guinea?Francia
100%
Quale paese possedeva la regione della Guinea?GiapponeNo
100%
Quale paese possedeva la regione della Guinea?ItaliaNo
100%
Quale paese possedeva la regione della Guinea?OlandaNo
100%
Quale paese possedeva la regione della Guinea?PortogalloNo
100%
Quale paese possedeva le Isole CarolinePortogalloNo
100%
Quale paese possedeva la regione della Guinea?Regno UnitoNo
100%
Quale paese possedeva le Isole CarolineSpagnaNo
100%
Quale paese possedeva la regione della Guinea?SpagnaNo
100%
Quale paese possedeva la regione della Guinea?Stati unitiNo
100%
Quale paese possedeva l' isola di Guam?BelgioNo
50%
Quale paese possedeva l' attuale repubblica democratica del Congo?Belgio
50%
Quale paese possedeva le Isole CarolineBelgioNo
50%
Quale paese possedeva la parte meridionale del Borneo?BelgioNo
50%
Quale paese possedeva le Filippine?BelgioNo
50%
Quale paese possedeva la città di Malabo?BelgioNo
50%
Quale paese possedeva il Suriname?BelgioNo
50%
Quale paese possedeva la città di Malacca?BelgioNo
50%
Quale paese possedeva il Mozambico?BelgioNo
50%
Quale paese possedeva la parte meridionale del Borneo?FranciaNo
50%
Quale paese possedeva l' attuale repubblica democratica del Congo?FranciaNo
50%
Quale paese possedeva le Filippine?FranciaNo
50%
Quale paese possedeva la città di Malacca?FranciaNo
50%
Quale paese possedeva il Mozambico?FranciaNo
50%
Quale paese possedeva il Suriname?FranciaNo
50%
Quale paese possedeva le Isole CarolineFranciaNo
50%
Quale paese possedeva il Mozambico?GiapponeNo
50%
Quale paese possedeva la città di Malabo?GiapponeNo
50%
Quale paese possedeva le Filippine?GiapponeNo
50%
Quale paese possedeva il Suriname?GiapponeNo
50%
Quale paese possedeva l' attuale repubblica democratica del Congo?GiapponeNo
50%
Quale paese possedeva la città di Malacca?GiapponeNo
50%
Quale paese possedeva l' isola di Guam?GiapponeNo
50%
Quale paese possedeva la parte meridionale del Borneo?GiapponeNo
50%
Quale paese possedeva il Mozambico?ItaliaNo
50%
Quale paese possedeva l' isola di Guam?ItaliaNo
50%
Quale paese possedeva il Suriname?ItaliaNo
50%
Quale paese possedeva le Isole CarolineItaliaNo
50%
Quale paese possedeva le Filippine?ItaliaNo
50%
Quale paese possedeva l' attuale repubblica democratica del Congo?ItaliaNo
50%
Quale paese possedeva la città di Malacca?ItaliaNo
50%
Quale paese possedeva la città di Malabo?ItaliaNo
50%
Quale paese possedeva il Mozambico?OlandaNo
50%
Quale paese possedeva le Isole CarolineOlandaNo
50%
Quale paese possedeva la città di Malacca?OlandaNo
50%
Quale paese possedeva le Filippine?OlandaNo
50%
Quale paese possedeva l' isola di Guam?OlandaNo
50%
Quale paese possedeva il Suriname?Olanda
50%
Quale paese possedeva la città di Malabo?OlandaNo
50%
Quale paese possedeva l' attuale repubblica democratica del Congo?OlandaNo
50%
Quale paese possedeva l' attuale repubblica democratica del Congo?PortogalloNo
50%
Quale paese possedeva la parte meridionale del Borneo?PortogalloNo
50%
Quale paese possedeva il Suriname?PortogalloNo
50%
Quale paese possedeva l' isola di Guam?PortogalloNo
50%
Quale paese possedeva le Filippine?PortogalloNo
50%
Quale paese possedeva la città di Malabo?PortogalloNo
50%
Quale paese possedeva il Mozambico?Portogallo
50%
Quale paese possedeva l' isola di Guam?Regno UnitoNo
50%
Quale paese possedeva le Filippine?Regno UnitoNo
50%
Quale paese possedeva il Suriname?Regno UnitoNo
50%
Quale paese possedeva il Mozambico?Regno UnitoNo
50%
Quale paese possedeva le Isole CarolineRegno UnitoNo
50%
Quale paese possedeva l' attuale repubblica democratica del Congo?Regno UnitoNo
50%
Quale paese possedeva la città di Malabo?Regno UnitoNo
50%
Quale paese possedeva la parte meridionale del Borneo?Regno UnitoNo
50%
Quale paese possedeva l' attuale repubblica democratica del Congo?SpagnaNo
50%
Quale paese possedeva la città di Malacca?SpagnaNo
50%
Quale paese possedeva il Mozambico?SpagnaNo
50%
Quale paese possedeva le Filippine?SpagnaNo
50%
Quale paese possedeva il Suriname?SpagnaNo
50%
Quale paese possedeva la parte meridionale del Borneo?SpagnaNo
50%
Quale paese possedeva l' isola di Guam?SpagnaNo
50%
Quale paese possedeva la città di Malacca?Stati unitiNo
50%
Quale paese possedeva il Mozambico?Stati unitiNo
50%
Quale paese possedeva la città di Malabo?Stati unitiNo
50%
Quale paese possedeva le Filippine?Stati uniti
50%
Quale paese possedeva l' attuale repubblica democratica del Congo?Stati unitiNo
50%
Quale paese possedeva la parte meridionale del Borneo?Stati unitiNo
50%
Quale paese possedeva le Isole CarolineStati unitiNo
50%
Quale paese possedeva il Suriname?Stati unitiNo
50%
Quale paese non possedeva nessun territorio in africa?BelgioNo
0%
Quale paese possedeva Buona parte del Siam?BelgioNo
0%
Quale paese possedeva Manila?BelgioNo
0%
Quale paese possedeva la penisola del SinaiBelgioNo
0%
Quale paese possedeva la città di Luanda?BelgioNo
0%
Quale paese possedeva l' isola di Rodi?BelgioNo
0%
Quale paese possedeva la Siria?BelgioNo
0%
Quale paese possedeva le isole Lacca dive?BelgioNo
0%
Quale paese possedeva Pyongyang e Seul?BelgioNo
0%
Quale paese possedeva il Labrador?BelgioNo
0%
Quale paese possedeva Sumatra?BelgioNo
0%
Quale paese possedeva Porto Rico?BelgioNo
0%
Quale paese possedeva il Québec?BelgioNo
0%
Quale paese possedeva un piccolo territorio tra il Camerun e il Gabon francese?BelgioNo
0%
Quale paese possedeva Jilin?BelgioNo
0%
Quale paese possedeva Kinshasa?Belgio
0%
Quale paese possedeva il Gibuti?BelgioNo
0%
Quale paese possedeva l' Eritrea?BelgioNo
0%
Quale paese possedeva Pearl Harbor?BelgioNo
0%
Quale paese possedeva Belmopan?BelgioNo
0%
Quale paese possedeva le isole Ryukyu?BelgioNo
0%
Quale paese possedeva l' isola di Giava?BelgioNo
0%
Quale paese possedeva due vassalli in asia?BelgioNo
0%
Quale paese possedeva la Cirenaica?BelgioNo
0%
Quale paese possedeva la città di Dili?BelgioNo
0%
Quale paese possedeva la Siria?Francia
0%
Quale paese possedeva l' isola di Giava?FranciaNo
0%
Quale paese possedeva Sumatra?FranciaNo
0%
Quale paese possedeva la città di Dili?FranciaNo
0%
Quale paese possedeva il Gibuti?Francia
0%
Quale paese possedeva il Labrador?FranciaNo
0%
Quale paese possedeva la penisola del SinaiFranciaNo
0%
Quale paese possedeva Belmopan?FranciaNo
0%
Quale paese possedeva un piccolo territorio tra il Camerun e il Gabon francese?FranciaNo
0%
Quale paese possedeva la Cirenaica?FranciaNo
0%
Quale paese possedeva l' isola di Guam?FranciaNo
0%
Quale paese possedeva Jilin?FranciaNo
0%
Quale paese possedeva Pearl Harbor?FranciaNo
0%
Quale paese possedeva Pyongyang e Seul?FranciaNo
0%
Quale paese possedeva l' Eritrea?FranciaNo
0%
Quale paese non possedeva nessun territorio in africa?FranciaNo
0%
Quale paese possedeva le isole Lacca dive?FranciaNo
0%
Quale paese possedeva Kinshasa?FranciaNo
0%
Quale paese possedeva Buona parte del Siam?Francia
0%
Quale paese possedeva la città di Malabo?FranciaNo
0%
Quale paese possedeva due vassalli in asia?FranciaNo
0%
Quale paese possedeva la città di Luanda?FranciaNo
0%
Quale paese possedeva Manila?FranciaNo
0%
Quale paese possedeva il Québec?FranciaNo
0%
Quale paese possedeva Porto Rico?FranciaNo
0%
Quale paese possedeva le isole Ryukyu?FranciaNo
0%
Quale paese possedeva l' isola di Rodi?FranciaNo
0%
Quale paese possedeva le isole Ryukyu?Giappone
0%
Quale paese possedeva la Siria?GiapponeNo
0%
Quale paese possedeva le Isole CarolineGiappone
0%
Quale paese possedeva Belmopan?GiapponeNo
0%
Quale paese possedeva Porto Rico?GiapponeNo
0%
Quale paese possedeva l' isola di Giava?GiapponeNo
0%
Quale paese possedeva la città di Luanda?GiapponeNo
0%
Quale paese possedeva la penisola del SinaiGiapponeNo
0%
Quale paese possedeva Pearl Harbor?GiapponeNo
0%
Quale paese possedeva la Cirenaica?GiapponeNo
0%
Quale paese possedeva un piccolo territorio tra il Camerun e il Gabon francese?GiapponeNo
0%
Quale paese possedeva il Québec?GiapponeNo
0%
Quale paese possedeva Kinshasa?GiapponeNo
0%
Quale paese possedeva Sumatra?GiapponeNo
0%
Quale paese possedeva il Labrador?GiapponeNo
0%
Quale paese possedeva due vassalli in asia?GiapponeNo
0%
Quale paese possedeva Buona parte del Siam?GiapponeNo
0%
Quale paese possedeva Jilin?Giappone
0%
Quale paese possedeva il Gibuti?GiapponeNo
0%
Quale paese possedeva Pyongyang e Seul?Giappone
0%
Quale paese possedeva Manila?GiapponeNo
0%
Quale paese possedeva la città di Dili?GiapponeNo
0%
Quale paese possedeva l' Eritrea?GiapponeNo
0%
Quale paese non possedeva nessun territorio in africa?Giappone
0%
Quale paese possedeva le isole Lacca dive?GiapponeNo
0%
Quale paese possedeva l' isola di Rodi?GiapponeNo
0%
Quale paese possedeva il Québec?ItaliaNo
0%
Quale paese possedeva le isole Lacca dive?ItaliaNo
0%
Quale paese possedeva Jilin?ItaliaNo
0%
Quale paese possedeva la penisola del SinaiItaliaNo
0%
Quale paese possedeva due vassalli in asia?ItaliaNo
0%
Quale paese possedeva Porto Rico?ItaliaNo
0%
Quale paese possedeva il Labrador?ItaliaNo
0%
Quale paese possedeva la città di Dili?ItaliaNo
0%
Quale paese possedeva Manila?ItaliaNo
0%
Quale paese possedeva Kinshasa?ItaliaNo
0%
Quale paese possedeva un piccolo territorio tra il Camerun e il Gabon francese?ItaliaNo
0%
Quale paese possedeva Buona parte del Siam?ItaliaNo
0%
Quale paese possedeva l' isola di Rodi?Italia
0%
Quale paese possedeva Pyongyang e Seul?ItaliaNo
0%
Quale paese possedeva Pearl Harbor?ItaliaNo
0%
Quale paese possedeva il Gibuti?ItaliaNo
0%
Quale paese possedeva le isole Ryukyu?ItaliaNo
0%
Quale paese possedeva la Siria?ItaliaNo
0%
Quale paese possedeva l' isola di Giava?ItaliaNo
0%
Quale paese possedeva Belmopan?ItaliaNo
0%
Quale paese non possedeva nessun territorio in africa?ItaliaNo
0%
Quale paese possedeva la Cirenaica?Italia
0%
Quale paese possedeva l' Eritrea?Italia
0%
Quale paese possedeva la parte meridionale del Borneo?ItaliaNo
0%
Quale paese possedeva Sumatra?ItaliaNo
0%
Quale paese possedeva la città di Luanda?ItaliaNo
0%
Quale paese possedeva Buona parte del Siam?OlandaNo
0%
Quale paese possedeva l' Eritrea?OlandaNo
0%
Quale paese possedeva Manila?OlandaNo
0%
Quale paese possedeva il Québec?OlandaNo
0%
Quale paese possedeva le isole Lacca dive?OlandaNo
0%
Quale paese possedeva Kinshasa?OlandaNo
0%
Quale paese possedeva la Cirenaica?OlandaNo
0%
Quale paese possedeva Jilin?OlandaNo
0%
Quale paese possedeva Pearl Harbor?OlandaNo
0%
Quale paese possedeva la parte meridionale del Borneo?Olanda
0%
Quale paese possedeva il Gibuti?OlandaNo
0%
Quale paese possedeva Belmopan?OlandaNo
0%
Quale paese possedeva Sumatra?Olanda
0%
Quale paese possedeva la Siria?OlandaNo
0%
Quale paese possedeva Porto Rico?OlandaNo
0%
Quale paese possedeva Pyongyang e Seul?OlandaNo
0%
Quale paese possedeva la penisola del SinaiOlandaNo
0%
Quale paese possedeva due vassalli in asia?OlandaNo
0%
Quale paese possedeva il Labrador?OlandaNo
0%
Quale paese non possedeva nessun territorio in africa?Olanda
0%
Quale paese possedeva l' isola di Rodi?OlandaNo
0%
Quale paese possedeva la città di Dili?OlandaNo
0%
Quale paese possedeva le isole Ryukyu?OlandaNo
0%
Quale paese possedeva un piccolo territorio tra il Camerun e il Gabon francese?OlandaNo
0%
Quale paese possedeva l' isola di Giava?Olanda
0%
Quale paese possedeva la città di Luanda?OlandaNo
0%
Quale paese non possedeva nessun territorio in africa?PortogalloNo
0%
Quale paese possedeva Pearl Harbor?PortogalloNo
0%
Quale paese possedeva un piccolo territorio tra il Camerun e il Gabon francese?PortogalloNo
0%
Quale paese possedeva la città di Dili?Portogallo
0%
Quale paese possedeva Jilin?PortogalloNo
0%
Quale paese possedeva Belmopan?PortogalloNo
0%
Quale paese possedeva l' isola di Giava?PortogalloNo
0%
Quale paese possedeva Kinshasa?PortogalloNo
0%
Quale paese possedeva Sumatra?PortogalloNo
0%
Quale paese possedeva Pyongyang e Seul?PortogalloNo
0%
Quale paese possedeva la Siria?PortogalloNo
0%
Quale paese possedeva il Labrador?PortogalloNo
0%
Quale paese possedeva l' Eritrea?PortogalloNo
0%
Quale paese possedeva il Gibuti?PortogalloNo
0%
Quale paese possedeva la penisola del SinaiPortogalloNo
0%
Quale paese possedeva le isole Lacca dive?PortogalloNo
0%
Quale paese possedeva le isole Ryukyu?PortogalloNo
0%
Quale paese possedeva Porto Rico?PortogalloNo
0%
Quale paese possedeva Buona parte del Siam?PortogalloNo
0%
Quale paese possedeva l' isola di Rodi?PortogalloNo
0%
Quale paese possedeva Manila?PortogalloNo
0%
Quale paese possedeva la città di Malacca?PortogalloNo
0%
Quale paese possedeva due vassalli in asia?PortogalloNo
0%
Quale paese possedeva la Cirenaica?PortogalloNo
0%
Quale paese possedeva il Québec?PortogalloNo
0%
Quale paese possedeva la città di Luanda?Portogallo
0%
Quale paese possedeva Sumatra?Regno UnitoNo
0%
Quale paese possedeva Buona parte del Siam?Regno UnitoNo
0%
Quale paese possedeva l' isola di Giava?Regno UnitoNo
0%
Quale paese possedeva le isole Ryukyu?Regno UnitoNo
0%
Quale paese possedeva la Siria?Regno UnitoNo
0%
Quale paese possedeva Porto Rico?Regno UnitoNo
0%
Quale paese possedeva la città di Dili?Regno UnitoNo
0%
Quale paese possedeva Jilin?Regno UnitoNo
0%
Quale paese possedeva l' Eritrea?Regno UnitoNo
0%
Quale paese possedeva l' isola di Rodi?Regno UnitoNo
0%
Quale paese possedeva Manila?Regno UnitoNo
0%
Quale paese possedeva il Québec?Regno Unito
0%
Quale paese possedeva la Cirenaica?Regno UnitoNo
0%
Quale paese possedeva il Labrador?Regno Unito
0%
Quale paese possedeva Pyongyang e Seul?Regno UnitoNo
0%
Quale paese non possedeva nessun territorio in africa?Regno UnitoNo
0%
Quale paese possedeva Belmopan?Regno Unito
0%
Quale paese possedeva le isole Lacca dive?Regno Unito
0%
Quale paese possedeva un piccolo territorio tra il Camerun e il Gabon francese?Regno UnitoNo
0%
Quale paese possedeva la città di Luanda?Regno UnitoNo
0%
Quale paese possedeva Pearl Harbor?Regno UnitoNo
0%
Quale paese possedeva due vassalli in asia?Regno Unito
0%
Quale paese possedeva la penisola del SinaiRegno Unito
0%
Quale paese possedeva il Gibuti?Regno UnitoNo
0%
Quale paese possedeva Kinshasa?Regno UnitoNo
0%
Quale paese possedeva la città di Malacca?Regno Unito
0%
Quale paese possedeva Pyongyang e Seul?SpagnaNo
0%
Quale paese possedeva due vassalli in asia?SpagnaNo
0%
Quale paese possedeva le isole Lacca dive?SpagnaNo
0%
Quale paese possedeva il Gibuti?SpagnaNo
0%
Quale paese possedeva Manila?SpagnaNo
0%
Quale paese possedeva Jilin?SpagnaNo
0%
Quale paese possedeva la città di Dili?SpagnaNo
0%
Quale paese possedeva l' isola di Rodi?SpagnaNo
0%
Quale paese possedeva la città di Malabo?Spagna
0%
Quale paese possedeva Buona parte del Siam?SpagnaNo
0%
Quale paese possedeva l' Eritrea?SpagnaNo
0%
Quale paese possedeva il Québec?SpagnaNo
0%
Quale paese possedeva la Cirenaica?SpagnaNo
0%
Quale paese possedeva Porto Rico?SpagnaNo
0%
Quale paese possedeva Kinshasa?SpagnaNo
0%
Quale paese possedeva un piccolo territorio tra il Camerun e il Gabon francese?Spagna
0%
Quale paese possedeva Pearl Harbor?SpagnaNo
0%
Quale paese possedeva l' isola di Giava?SpagnaNo
0%
Quale paese possedeva la città di Luanda?SpagnaNo
0%
Quale paese possedeva la Siria?SpagnaNo
0%
Quale paese possedeva Belmopan?SpagnaNo
0%
Quale paese possedeva il Labrador?SpagnaNo
0%
Quale paese possedeva Sumatra?SpagnaNo
0%
Quale paese non possedeva nessun territorio in africa?SpagnaNo
0%
Quale paese possedeva le isole Ryukyu?SpagnaNo
0%
Quale paese possedeva la penisola del SinaiSpagnaNo
0%
Quale paese possedeva la Siria?Stati unitiNo
0%
Quale paese possedeva la Cirenaica?Stati unitiNo
0%
Quale paese possedeva le isole Ryukyu?Stati unitiNo
0%
Quale paese possedeva Porto Rico?Stati uniti
0%
Quale paese possedeva la città di Luanda?Stati unitiNo
0%
Quale paese possedeva Manila?Stati uniti
0%
Quale paese possedeva Buona parte del Siam?Stati unitiNo
0%
Quale paese possedeva il Québec?Stati unitiNo
0%
Quale paese possedeva due vassalli in asia?Stati unitiNo
0%
Quale paese possedeva le isole Lacca dive?Stati unitiNo
0%
Quale paese possedeva l' isola di Rodi?Stati unitiNo
0%
Quale paese possedeva la penisola del SinaiStati unitiNo
0%
Quale paese possedeva Kinshasa?Stati unitiNo
0%
Quale paese non possedeva nessun territorio in africa?Stati uniti
0%
Quale paese possedeva un piccolo territorio tra il Camerun e il Gabon francese?Stati unitiNo
0%
Quale paese possedeva la città di Dili?Stati unitiNo
0%
Quale paese possedeva Pearl Harbor?Stati uniti
0%
Quale paese possedeva l' isola di Giava?Stati unitiNo
0%
Quale paese possedeva Jilin?Stati unitiNo
0%
Quale paese possedeva l' isola di Guam?Stati uniti
0%
Quale paese possedeva Belmopan?Stati unitiNo
0%
Quale paese possedeva Sumatra?Stati unitiNo
0%
Quale paese possedeva Pyongyang e Seul?Stati unitiNo
0%
Quale paese possedeva il Gibuti?Stati unitiNo
0%
Quale paese possedeva l' Eritrea?Stati unitiNo
0%
Quale paese possedeva il Labrador?Stati unitiNo
0%

Distribuzione punteggi

Percentile per numero di risposta

Percentuale di utenti per punteggio

I tuoi punteggi nel tempo

Non hai fatto questo quiz